La hermenéutica del sujeto
Gorde:
| Egile nagusia: | |
|---|---|
| Beste egile batzuk: | |
| Formatua: | Liburua |
| Hizkuntza: | gaztelania |
| Argitaratua: |
Buenos Aires
Fondo de Cultura Económica
2001
|
| Edizioa: | 1a. ed |
| Saila: | Sección de Obras de Sociología
|
| Gaiak: | |
| Etiketak: |
Etiketa erantsi
Etiketarik gabe, Izan zaitez lehena erregistro honi etiketa jartzen!
|
MARC
| LEADER | 00000cam a2200000 a 4500 | ||
|---|---|---|---|
| 001 | UCG6069 | ||
| 003 | CL-VaPUC | ||
| 005 | 20241127104740.0 | ||
| 008 | 110331e20010000AG |||||||||||||||||spa|d | ||
| 999 | |c 344367 |d 344365 | ||
| 020 | |a 9789505574957 | ||
| 040 | |c Pontificia Universidad Católica de Valparaíso | ||
| 082 | 0 | 4 | |a 121.686 |b FOU |2 21 |
| 100 | |a Foucault, Michel |e author |9 257945 | ||
| 245 | 1 | 3 | |a La hermenéutica del sujeto |
| 250 | |a 1a. ed | ||
| 260 | |a Buenos Aires |b Fondo de Cultura Económica |c 2001 | ||
| 300 | |a 539 p | ||
| 490 | 0 | |a Sección de Obras de Sociología | |
| 583 | |a last modification |c 20131115 06:10:46 |k Rodrigo Vera | ||
| 650 | 0 | |a Filosofía |9 223554 | |
| 650 | 0 | |a Hermenéutica |9 269473 | |
| 650 | 0 | |a Sujeto (Filosofía) |9 886778 | |
| 650 | 0 | |a Inquietud (Filosofía) |9 886845 | |
| 700 | 1 | |a Pons, Horacio |e traductor |9 863495 | |
| 942 | |c BK |2 ddc | ||
| 945 | |d 20110331 00:00:00 |a jcampos | ||
| 952 | |0 0 |1 0 |4 0 |6 121_686000000000000_FOU_2001 |7 0 |8 R |9 442306 |a BIBGIM |b BIBGIM |d 2019-11-22 |i 4761642 |l 1 |o 121.686 FOU 2001 |p 4761642 |r 2025-01-15 |s 2022-07-06 |w 2019-11-22 |y BK_R |k SSL | ||
| 952 | |0 0 |1 0 |3 erb |4 0 |6 121_686000000000000_FOU_2001 |7 0 |8 R |9 442307 |a BIBEDU |b BIBEDU |c MCIRC |i 5027829 |l 5 |o 121.686 FOU 2001 |p 5027829 |r 2025-01-13 |s 2024-12-12 |w 2019-11-22 |y BK_R |z Catalogado en:20131115 |k FIL | ||